00294nam a2200109Ia 4500008004000000082001300040100002200053245003000075260003100105300001900136650002900155210210b1956 xxu||||| |||| 00| 0 eng d a510 NEWW aNEWMAN (James R). aWorld of mathematics. V.3 aNYbSimon & Schusterc1956 aviii,1415-2021 aWorld of mathematics V.3